Statistiques concernant Italien - Verbe irrégulier (Dovere)

Cliquez ici pour prendre le quiz!

Statistiques générales

  • Ce quiz a été pris 4 fois
  • Le résultat moyen est 30 sur 44

Statistiques - réponses

Tempo - PersonaConiugazione% Correct
lui/leideve
100%
tudevi
100%
iodevo
100%
lorodevono
100%
noidobbiamo
100%
voidovete
100%
lui/leidoveva
100%
noidovevamo
100%
lorodovevano
100%
voidovevate
100%
tudovevi
100%
iodovevo
100%
io (maschile)dovendo
75%
lui/leidovrà
75%
tudovrai
75%
lorodovranno
75%
lui/leidovrebbe
75%
lorodovrebbero
75%
iodovrei
75%
noidovremmo
75%
noidovremo
75%
voidovreste
75%
tudovresti
75%
voidovrete
75%
iodovrò
75%
io (maschile)dovuto
75%
lui/leidové/dovette
50%
iodovei/dovetti
50%
noidovemmo
50%
lorodoverono
50%
lui/leidovesse
50%
lorodovessero
50%
iodovessi
50%
tudovessi
50%
noidovessimo
50%
voidoveste
50%
voidoveste
50%
tudovesti
50%
iodebba
25%
tudebba
25%
lui/leidebba
25%
lorodebbano
25%
noidobbiamo
25%
voidobbiate
25%

Distribution des résultats

Percentile par nombre de réponses

% des personnes avec chaque résultat

Votre développement - résultats

Vous n’avez pas pris ce quiz